| 000 | 00614cam a22002052 4500 | ||
|---|---|---|---|
| 001 | 0000025236 | ||
| 005 | 20151217145954.0 | ||
| 008 | 150328s xx 000 0 eng d | ||
| 020 | _a9350287277 : | ||
| 040 |
_aKABU _cKABU |
||
| 100 | 1 |
_aGandhi, B.M. _@0000185563 |
|
| 245 | 1 | 0 |
_aInterpretation of statutes / _cby B.M. Gandhi. |
| 250 | _a2nd ed. | ||
| 260 |
_aLucknow : _bEastern Book Company, _c2014. |
||
| 300 | _alvi, 316 p. | ||
| 650 | 0 |
_aLaw _xInterpretation and construction _zIndia. _@0000178038 |
|
| 852 | 1 | _9p1137.50 KES | |
| 908 | _a150328 | ||
| 950 | _@1 | ||
| 999 |
_c4646 _d4646 |
||